000 01077nam a2200229Ia 4500
003 OSt
005 20200715164933.0
008 191128s1953 ck gr 000 0 spa d
040 _aCO-JMCR
_cCO-JMCR
041 0 _aspa
082 0 4 _a330.9861 /
_bF359p
_223
100 1 _aFermin de Vargas, Pedro,
_eautor
_97350
245 1 0 _aPensamientos políticos y memorias sobre población del Nuevo Reino de Granada /
_cPedro Fermin de Vargas
260 _aBogotá :
_bBanco de la República,
_c1953.
300 _a162 páginas ;
_c22 cm.
490 0 _aArchivos de la Economía Nacional ;
_v10
500 _aTexto en la portada : Copia hecha sobre los manuscritos originales de la Biblioteca Nacional de Bogotá, por Manuel José Forero
505 0 _aAgricultura -- Medios de perfeccionar la agricultura en el reino -- Comercio -- Camino de Carare -- Camino de San Faustino -- Camino de Sogamoso -- Ramos de comercio -- Lanas -- Algodón -- Lino y cáñamo
650 1 4 _aHistoria económica
_ySiglo XVIII
_97351
650 2 4 _a Comercio
_xHistoria
_zColombia
_97352
942 _2ddc
_cBK
999 _c5426
_d5426